Ηθελε να τη λένε κυρία

Αποθηκεύτηκε σε:
Λεπτομέρειες βιβλιογραφικής εγγραφής
Κύριος συγγραφέας: Αλεξίου, Έλλη, 1894-1989
Άλλοι συγγραφείς: Διατσέντα, Παρίση (Εικονογράφος)
Μορφή: Βιβλίο
Γλώσσα:Greek
Δημοσίευση: Αθήνα : Καστανιώτης, 1983
Θέματα:
Ετικέτες: Προσθήκη ετικέτας
Δεν υπάρχουν, Καταχωρήστε ετικέτα πρώτοι!

MARC

LEADER 00000nam a2200000 i 4500
001 1/76165
008 960731s1983 gre d
035 |a 1986  |c Αγορά  |l 10032328 
040 |a GR-MY-UA  |b gre  |e aacr 
041 0 |a gre 
082 0 |a 808.0683 
100 1 |a Αλεξίου, Έλλη,   |d 1894-1989. 
245 1 0 |a Ηθελε να τη λένε κυρία /  |c Ελλη Αλεξίου ; εικονογράφηση Διατσέντα Παρίση 
260 |a Αθήνα :   |b Καστανιώτης,   |c 1983 
300 |a 100 σ.  
650 0 0 |a Children's stories, Greek (Modern) 
650 0 0 |a Children's literature, Greek (Modern) 
700 1 |a Διατσέντα, Παρίση.  |4 ill 
852 |a INST  |b RHODES  |e 19960731  |h 808.0683 ΑΛΕ  |p 005400000580  |q 005400000580  |t BK  |y 0 
909 |a Ρ  |b 004943  |c 1986